| 000 | 00476nam a2200133 4500 | ||
|---|---|---|---|
| 008 | 240802b |||||||| |||| 00| 0 eng d | ||
| 040 |
_aNational Science Library _cNational Science Library |
||
| 080 |
_a63:54(091) _bH4 |
||
| 245 |
_aChronica botanica: _bAn international collection of studies in the method and history of biology agriculture |
||
| 260 |
_aUSA: _bThe Chronica Botanica Company, _c1944 |
||
| 300 | _a290p. | ||
| 700 | _aVerdoorn, Frans (Ed.) | ||
| 942 |
_2udc _cBK |
||
| 999 |
_c65707 _d65707 |
||